|
|
|
|
| LEADER |
02681nam a22004215i 4500 |
| 001 |
978-88-470-1995-9 |
| 003 |
DE-He213 |
| 005 |
20151204153054.0 |
| 007 |
cr nn 008mamaa |
| 008 |
120714s2012 it | s |||| 0|ita d |
| 020 |
|
|
|a 9788847019959
|9 978-88-470-1995-9
|
| 024 |
7 |
|
|a 10.1007/978-88-470-1995-9
|2 doi
|
| 040 |
|
|
|d GrThAP
|
| 050 |
|
4 |
|a RA427.8
|
| 072 |
|
7 |
|a MBN
|2 bicssc
|
| 072 |
|
7 |
|a MED076000
|2 bisacsh
|
| 082 |
0 |
4 |
|a 613
|2 23
|
| 082 |
0 |
4 |
|a 614.44
|2 23
|
| 100 |
1 |
|
|a Meraviglia, Maria Vittoria.
|e author.
|
| 245 |
1 |
0 |
|a Sistemi motori
|h [electronic resource] :
|b Nuovi paradigmi di apprendimento e comunicazione /
|c by Maria Vittoria Meraviglia.
|
| 264 |
|
1 |
|a Milano :
|b Springer Milan :
|b Imprint: Springer,
|c 2012.
|
| 300 |
|
|
|a XIX, 169 pagg.
|b online resource.
|
| 336 |
|
|
|a text
|b txt
|2 rdacontent
|
| 337 |
|
|
|a computer
|b c
|2 rdamedia
|
| 338 |
|
|
|a online resource
|b cr
|2 rdacarrier
|
| 347 |
|
|
|a text file
|b PDF
|2 rda
|
| 505 |
0 |
|
|a 1 Le basi anatomo-funzionali dell'attività mentale.- 2 Modelli del funzionamento cerebrale -- 3 Evoluzione filogenetica del movimento -- 4 Sviluppo ontogenetico del movimento.- 5 Nuovi paradigmi patogenetici -- 6 La regolazione del movimento.- 7 Movimento, apprendimento, comunicazione -- 8 Sistemi motori, sistemi per la salute.
|
| 520 |
|
|
|a Partendo dall’ipotesi relativa alle reti neurali coinvolte nei processi che dalla sensazione portano alla percezione e alla cognizione, il volume intende illustrare come in questo panorama complesso si inseriscano anche gli aspetti legati al movimento e all’azione. Considerando alcune delle più diffuse patologie neurologiche che comportano disturbi e alterazioni del movimento, si analizzano gli aspetti riabilitativi del canale motorio, essenziali per la cura, la prevenzione e la partecipazione di ciascuno di noi a tutti gli aspetti della vita quotidiana, secondo il concetto di salute definito dall’OMS. Il libro è rivolto in particolare agli studenti delle Facoltà di Scienze Motorie e di Psicologia, ma anche di Medicina, Scienze e Tecniche della Riabilitazione, Scienze Infermieristiche, Scienze dell’Educazione e a tutti coloro che vogliano conoscere le potenzialità del movimento per rafforzare, mantenere e riacquistare la propria salute.
|
| 650 |
|
0 |
|a Medicine.
|
| 650 |
|
0 |
|a Health promotion.
|
| 650 |
1 |
4 |
|a Medicine & Public Health.
|
| 650 |
2 |
4 |
|a Health Promotion and Disease Prevention.
|
| 710 |
2 |
|
|a SpringerLink (Online service)
|
| 773 |
0 |
|
|t Springer eBooks
|
| 776 |
0 |
8 |
|i Printed edition:
|z 9788847019942
|
| 856 |
4 |
0 |
|u http://dx.doi.org/10.1007/978-88-470-1995-9
|z Full Text via HEAL-Link
|
| 912 |
|
|
|a ZDB-2-SME
|
| 950 |
|
|
|a Medicine (Springer-11650)
|